Physical - Dua Lipa (All Lyrics) - Statistics

General Stats
  • This quiz has been taken 841 times
  • The average score is 241 of 299
Answer Stats
Lyrics % Correct
physical.
99%
I
98%
a
97%
get
97%
Let's
97%
you
97%
You
97%
you.
97%
on
94%
on,
94%
on.
94%
go
92%
So
92%
come
91%
Come
91%
got
89%
All
87%
me
87%
me?
87%
night,
87%
and
85%
know
85%
Don't
84%
don't
84%
the
84%
my
82%
to
82%
We
82%
when
81%
Baby,
79%
back
78%
keep
77%
love
77%
Love
77%
agree?
76%
dancing
76%
dancing.
76%
for
75%
Who
75%
like
74%
us.
74%
with
73%
next
72%
it.
71%
it
71%
sleep,
71%
this
71%
ain't
68%
diamond
68%
follow
67%
isn't
67%
something
67%
choice.
66%
rich.
66%
in.
65%
needs
65%
phenomenal.
65%
feeling
63%
I'll
63%
created
62%
Lights
60%
wanna
60%
'Cause
59%
Common
59%
Nothing
59%
out,
59%
nice.
58%
life.
57%
pretty
57%
live
56%
just
55%
noise.
55%
riot
55%
another
54%
compares
54%
one's
54%
planet
53%
Hold
51%
hold
51%
you're
51%
little
50%
we're
49%
Living
45%
up.
45%
if
44%
dreaming
43%
simulation
42%
tell
40%
ready.
39%
rushing
35%
keeps
34%
Adrenaline
32%
tighter.
31%
No matching quizzes found
Score Distribution
Percent of People with Each Score
Percentile by Number Answered
Your Score History
You have not taken this quiz